Reflexiones sobre la Revolución Francesa.

Uloženo v:
Podrobná bibliografie
Hlavní autor: Burke, Edmund (autor)
Další autoři: Tierno Galvan, Enrique (prólogo, traducción)
Médium: Kniha
Jazyk:španělština
Vydáno: Madrid, España: Centro de Estudios Constitucionales, 1954.
Vydání:1a. edición.
Edice:Colección Civitas.
Témata:
Tagy: Přidat tag
Žádné tagy, Buďte první, kdo vytvoří štítek k tomuto záznamu!

MARC

LEADER 00000nam a2200000 a 4500
001 UCP6382
003 CL-VaPUC
005 20220822114341.0
008 991022e19540000SP |||||||||||||||||spa|d
999 |c 283969  |d 283967 
020 |a 84-259-0612-1 
040 |c Pontificia Universidad Católica de Valparaíso 
082 0 4 |a 944.04 BUR 1954   |2 21 
100 0 |a Burke, Edmund  |e autor  |9 341793 
245 1 0 |a Reflexiones sobre la Revolución Francesa. 
250 |a 1a. edición. 
260 |a Madrid, España:  |b Centro de Estudios Constitucionales,  |c 1954. 
300 |a 588 páginas.  
440 |a Colección Civitas.   |9 865618 
500 |a c.3 Donación Familia Prof. Alejandro Guzmán Brito. 
583 |a last modification  |c 19991022 00:00:00  |k Rodrigo Vera 
650 0 |a Historia de Francia  |9 336927 
650 7 |a REVOLUCION 1789-1791  |2 CL-VaPUC  |9 255674 
650 0 |a Revolución francesa  |9 324244 
651 0 |a Francia  |9 255157 
700 |a Tierno Galvan, Enrique  |9 348499  |e prólogo  |e traducción  
942 |c BK  |2 ddc  |n 0 
945 |d 19991022 00:00:00  |a lriquelm 
952 |0 0  |1 0  |4 0  |6 944_040000000000000_BUR_1954  |7 0  |8 A  |9 327536  |a BIBHIS  |b BIBHIS  |d 2019-11-20  |i 1383477  |o 944.04 BUR 1954  |p 1383477  |r 2025-01-20  |w 2019-11-20  |y BK  |k HIS 
952 |0 0  |1 0  |4 0  |6 944_040000000000000_BUR_1954  |7 0  |8 A  |9 327537  |a BIBHIS  |b BIBHIS  |d 2019-11-20  |i 1383485  |o 944.04 BUR 1954  |p 1383485  |r 2025-01-20  |w 2019-11-20  |y BK  |k HIS